| 000 | 00841 a2200265 4500 | ||
|---|---|---|---|
| 999 |
_c200421162 _d38362 |
||
| 001 | 200421162 | ||
| 003 | TR-AnTOB | ||
| 005 | 20241025090235.0 | ||
| 008 | 150122s tu 000 0 | ||
| 040 |
_aTR-AnTOB _btur _erda _cTR-AnTOB |
||
| 041 | 0 | _atur | |
| 050 | 0 | 0 |
_aDR438.9.Y56 _bO93 2012 |
| 090 | _aDR438.9 .Y56 O93 2012 | ||
| 100 | 1 |
_aÖzalp, Ömer Hakan _9103714 |
|
| 245 | 1 | 0 |
_aTarihe adanmış bir ömür : _bOrd. Prof. Mükrimin Halil Yinanç / _cÖmer Hakan Özalp. |
| 264 |
_aElbistan: _bELMÜHAY Vakfı, _c2012 |
||
| 300 |
_a546 s. : _bresim ; _c20 cm. |
||
| 336 |
_atext _2rdacontent _btxt |
||
| 337 |
_aunmediated _2rdamedia _bn |
||
| 338 |
_avolume _2rdacarrier _bnc |
||
| 600 | 1 | 0 |
_aYinanç, Mükrimin Halil, _d1898-1961 _975515 |
| 650 | 7 |
_aTarihçiler _zTürkiye _vBiyografi _2etuturkob _915107 |
|
| 942 |
_cBK _2lcc |
||